000 00808nas a2200277 4500
001 BR0501669
003 BR-BrBNA
005 20231205105253.0
007 ta
008 230509b bl.|||p| |||| 00| 00por d
040 _aBR-BrBNA
_bpor
_cBiblioteca Nacional de Agricultura
041 _a(Pt)
072 _aH20
100 1 _aNascimento, A.R.P.
100 1 _aMariano, R.L.R.
100 1 _aSilva, E.I.
245 1 _aHospedeiros alternativos de Acidovorax avenae subsp. Citrulli
650 _aMELÃO
650 _aBACTÉRIA
650 _aMANCHA BACTERIANA
650 _aHOSPEDEIRO VEGETAL
650 _aPERNAMBUCO
773 0 _tHorticultura Brasileira (Brazil)
_xISSN 0102-0536
_g(Jul-Sep 2004), v. 22(3) p. 345-349
_wBR0501669
909 _a202311
_bLúcia
_c55
_dLúcia Elande
942 _2AGRIS
_n0
_cANA
999 _c182113
_d182113